[Event "SLO-chT 25th"]
[Site "Otocec"]
[Date "2015.10.17"]
[Round "2.6"]
[White "Simic, Dragan"]
[Black "Svensek, Marjan"]
[Result "1-0"]
[WhiteElo "2260"]
[BlackElo "2011"]
[PlyCount "103"]
[EventDate "2015.10.16"]
[EventType "team-tourn"]
[EventRounds "9"]
[EventCountry "SLO"]
[SourceTitle "EXT 2020"]
[Source "ChessBase"]
[SourceDate "2019.10.17"]
[SourceVersion "1"]
[SourceVersionDate "2019.10.17"]
[SourceQuality "1"]
[WhiteTeam "Maribor Branik"]
[BlackTeam "Impol Slovenska Bistrica"]
[WhiteTeamCountry "SLO"]
[BlackTeamCountry "SLO"]

1. e4 e6 2. d4 d5 3. Nd2 Nf6 4. e5 Nfd7 5. f4 c5 6. c3 Nc6 7. Ndf3 Qb6 8. h4 cxd4 9. cxd4 Bb4+ 10. Kf2 f6 11. Kg3 Qd8 12. Bd3 0-0 13. Be3 Qe8 14. h5 Ba5 15. Rc1 Nd8 16. Qc2 f5 17. Nh3 Nf7 18. Nf2 Nh6 19. Ng5 Nb8 20. a3 Nc6 21. b4 Bb6 22. Qb2 Bd7 23. Kf3 Nd8 24. g3 Ndf7 25. Kg2 Rc8 26. Rxc8 Qxc8 27. Qe2 Qe8 28. g4 Nxg5 29. fxg5 f4 30. gxh6 f3+ 31. Qxf3 Rxf3 32. Kxf3 gxh6 33. g5 Qf8+ 34. Ke2 hxg5 35. h6 Bd8 36. Ng4 Be8 37. Rf1 Qe7 38. Nf6+ Kh8 39. Bxg5 Bg6 40. Nd7 Bxd3+ 41. Kxd3 Qe8 42. Rf8+ Qxf8 43. Nxf8 Bxg5 44. Nxe6 Bxh6 45. Nc7 Bc1 46. e6 Bg5 47. Nxd5 Kg7 48. Ke4 h6 49. Ke5 h5 50. e7 Kf7 51. Kd6 Ke8 52. Nc7+ 1-0

[Event "SLO-chT1 West"]
[Site "Sentjur"]
[Date "2009.10.22"]
[Round "1"]
[White "Gorsek, Gregor"]
[Black "Svensek, Marjan"]
[Result "0-1"]
[WhiteElo "2048"]
[BlackElo "2058"]
[PlyCount "72"]
[EventDate "2009.10.22"]
[EventType "team-tourn"]
[EventRounds "9"]
[EventCountry "SLO"]
[SourceTitle "EXT 2010"]
[Source "ChessBase"]
[SourceDate "2010.11.25"]
[SourceVersion "1"]
[SourceVersionDate "2010.11.25"]
[SourceQuality "1"]

1. e4 e6 2. d4 d5 3. exd5 exd5 4. Nf3 Bg4 5. h3 Bh5 6. Be2 Nf6 7. Ne5 Bg6 8. 0-0 Ne4 9. Nd2 Nxd2 10. Bxd2 Bd6 11. Bb5+ c6 12. Nxg6 hxg6 13. Re1+ Kf8 14. Bd3 Nd7 15. Qf3 Nf6 16. Re2 Kg8 17. Rae1 Rh5 18. g4 Rh8 19. Bg5 Qd7 20. Bxf6 gxf6 21. Bxg6 fxg6 22. Qxf6 Rh7 23. Qxg6+ Rg7 24. Re8+ Rxe8 25. Qxe8+ Qxe8 26. Rxe8+ Kf7 27. Re3 Kf6 28. Kg2 Kg5 29. Re6 Bc7 30. Kf3 Rf7+ 31. Ke2 Bd8 32. Rd6 Re7+ 33. Kf3 Bc7 34. h4+ Kxh4 35. Rg6 Rf7+ 36. Ke3 Kh3 0-1

[Event "SLO-chT1 East"]
[Site "Celje"]
[Date "2007.11.09"]
[Round "2"]
[White "Rajkovic, Radisa"]
[Black "Svensek, Marjan"]
[Result "1-0"]
[WhiteElo "2064"]
[BlackElo "2079"]
[PlyCount "129"]
[EventDate "2007.11.11"]
[EventType "team-tourn"]
[EventRounds "9"]
[EventCountry "SLO"]
[SourceTitle "EXT 2010"]
[Source "ChessBase"]
[SourceDate "2010.11.25"]
[SourceVersion "1"]
[SourceVersionDate "2010.11.25"]
[SourceQuality "1"]

1. d4 b5 2. e4 Bb7 3. Bd3 e6 4. Nf3 c5 5. dxc5 Bxc5 6. 0-0 a6 7. Qe2 Ne7 8. a4 b4 9. c3 Nbc6 10. Rd1 Qc7 11. Be3 Bxe3 12. Qxe3 0-0 13. cxb4 Nxb4 14. Nc3 Rad8 15. Rac1 Nxd3 16. Qxd3 Qf4 17. Qd6 Ng6 18. Qxf4 Nxf4 19. g3 Ng6 20. Nd4 Rb8 21. b4 e5 22. Nde2 Bc6 23. Rb1 Rfd8 24. b5 axb5 25. axb5 Ba8 26. Rd6 Kf8 27. Rbd1 Ke8 28. h4 Ne7 29. Ra1 Nc8 30. Rdd1 Bb7 31. f4 f6 32. fxe5 fxe5 33. Nd5 Nd6 34. Nec3 Rdc8 35. Ra3 Rc4 36. Re1 Bxd5 37. exd5 e4 38. Nxe4 Rxe4 39. Rxe4+ Nxe4 40. Re3 Rxb5 41. Rxe4+ Kf7 42. d6 g5 43. Re7+ Kg6 44. hxg5 Rxg5 45. Kh2 Rd5 46. Rxd7 Rd2+ 47. Kh3 h5 48. Rd8 Rd4 49. Kg2 h4 50. gxh4 Kf5 51. Kg3 Rd3+ 52. Kg2 Rd4 53. Kg3 Rd3+ 54. Kg2 Rd2+ 55. Kf3 Rd3+ 56. Ke2 Rd5 57. Kf3 Rd3+ 58. Kf2 Rd2+ 59. Kf3 Rd3+ 60. Kf2 Ke6 61. Re8+ Kf7 62. Rd8 Ke6 63. h5 Rh3 64. Rh8 Kxd6 65. Kg2 1-0

[Event "SLO Cup final"]
[Site "Rogla"]
[Date "2002.06.09"]
[Round "4"]
[White "Gjuran, Denis"]
[Black "Svensek, Marjan"]
[Result "1-0"]
[WhiteElo "2172"]
[BlackElo "2053"]
[PlyCount "43"]
[EventDate "2002.06.07"]
[EventType "swiss"]
[EventRounds "5"]
[EventCountry "SLO"]
[SourceTitle "EXT 2008"]
[Source "ChessBase"]
[SourceDate "2007.11.25"]
[SourceVersion "1"]
[SourceVersionDate "2007.11.25"]
[SourceQuality "1"]

1. e4 e6 2. c4 d5 3. exd5 exd5 4. d4 Nf6 5. Nc3 c6 6. Nf3 Bg4 7. cxd5 Nxd5 8. Be2 Be7 9. 0-0 0-0 10. h3 Bh5 11. Qb3 Nxc3 12. bxc3 Qb6 13. Be3 Nd7 14. Rfe1 Nf6 15. c4 Rfe8 16. Rab1 Qxb3 17. Rxb3 b6 18. g4 Bg6 19. Ne5 Rec8 20. Bf3 Be4 21. g5 Bxf3 22. gxf6 1-0